Management trends into turbulent environment [proceedings]
Gespeichert in:
| Weitere Verfasser: | , , , |
|---|---|
| Format: | Buch |
| Sprache: | Englisch |
| Veröffentlicht: |
Brno
Mendel University in Brno
2016
|
| Ausgabe: | 1st ed. |
| Schlagworte: | |
| Tags: |
Keine Tags, Fügen Sie das erste Tag hinzu!
|
MARC
| LEADER | 00000nlm a2200000 4500 | ||
|---|---|---|---|
| 001 | 0227721 | ||
| 005 | 20220830112640.1 | ||
| 020 | |a 978-80-7509-449-0 | ||
| 041 | 0 | |a eng | |
| 044 | |a CZ | ||
| 245 | 1 | 0 | |a Management trends into turbulent environment |b [proceedings] |c edited by: Šárka Bezděková, Tomáš Klusák |
| 250 | |a 1st ed. | ||
| 264 | 1 | |a Brno |b Mendel University in Brno |c 2016 | |
| 300 | |a online [189 s.] | ||
| 610 | 2 | 0 | |a manažment |
| 610 | 2 | 0 | |a riadenie finančné |
| 610 | 2 | 0 | |a riadenie podnikové |
| 610 | 2 | 0 | |a riadenie znalostí |
| 610 | 2 | 0 | |a marketing |
| 610 | 2 | 0 | |a zodpovednosť podniku spoločenská |
| 610 | 2 | 0 | |a joint ventures |
| 610 | 2 | 0 | |a nemocnice |
| 610 | 2 | 0 | |a Poľsko |
| 700 | 1 | |a Bezděková, Šárka | |
| 700 | 1 | |a Klusák, Tomáš | |
| 700 | 1 | |a Formánková, Sylvie | |
| 700 | 1 | |a Stojanová, Hana | |